| 000 | 00893nam a2200229Ia 4500 | ||
|---|---|---|---|
| 001 | 11094 | ||
| 003 | GE_BSU | ||
| 008 | 181216s||||||||xx |||||||||||||| ||und|| | ||
| 040 | _cGE_BSU | ||
| 080 | _a81(031) | ||
| 245 | _aЭнциклопедический словарь юного филолога(языкознание) | ||
| 245 | _bДля среднего и старшего возраста. | ||
| 245 | _cСост.Панов М.Б. Ред.колл.Степанов Г.В.(Гл.ред) Ашинин Ф.Д. и др. | ||
| 260 | _aМосква. | ||
| 260 | _bПедагогика. | ||
| 260 | _c1984. | ||
| 300 | _a352стр,27см. | ||
| 300 | _eилл. | ||
| 520 | _aЭнциклопедический словарь юного филолога. | ||
| 653 | _aЭнциклопедический словарь юного филолога(языкознание) | ||
| 942 | _cBK | ||
| 999 |
_c44335 _d44335 |
||